000 00874nas a2200289 4500
001 BR0000351
003 BR-BrBNA
005 20231205101638.0
007 ta
008 230509b bl.|||p| |||| 00| 00por d
040 _aBR-BrBNA
_bpor
_cBiblioteca Nacional de Agricultura
041 _a(Pt)
072 _aF01
100 1 _aCecilio Filho, A.B.
100 1 _aSouza, R.J. de
245 1 _aCaracterizacao dos estadios fenologicos da curcuma, em funcao da epoca e densidade de plantio
650 _aCurcuma Longa
650 _aDensidade de Plantio
650 _aEpoca de Plantio
650 _aCorante
650 _aMeio Ambiente
650 _aCrescimento
650 _aMinas Gerais
773 0 _tHorticultura Brasileira (Brazil)
_xISSN 0102-0536
_g(Nov 1999), v. 17(3) p. 248-253
_wBR0000351
909 _a202311
_bLúcia
_c55
_dLúcia Elande
942 _2AGRIS
_n0
_cANA
999 _c163014
_d163014